000
00335cam a2200145ua 4500
041
_a
eng
_h
082
_a
828.09
_b
REC/TE
100
_a
Receves, James .
245
_a
Teaching poetry /
_c
James Receves.
_h
Textual Documents
260
_a
London :
_b
Heinemann.
300
_a
108 ; .
504
_a
942
_c
BK
999
_c
6519
_d
6519